| 000 | 00474nam a2200157Ia 4500 | ||
|---|---|---|---|
| 999 |
_c4014 _d4014 |
||
| 003 | OSt | ||
| 005 | 20200120123122.0 | ||
| 008 | 190216s9999||||xx |||||||||||||| ||und|| | ||
| 040 | _coclc | ||
| 082 |
_a658 _bDAV/B |
||
| 100 |
_a Davar, Sohrab R _91340 |
||
| 245 | 0 |
_aBusiness Organisation And Management / _cSohrab R Davar |
|
| 260 |
_bProgressive Corperation Private Ltd, _c1977. _aBombay: |
||
| 300 | _a991p | ||
| 942 |
_cBK _2ddc _h658 _iDAV/B _k658 _mDAV/B |
||